[Event "Oberliga Ost-B 1819"]
[Site "Germany"]
[Date "2019.04.06"]
[Round "10.8"]
[White "Foermes, Alexander"]
[Black "Kuehner, Tobias"]
[Result "1-0"]
[WhiteElo "2052"]
[BlackElo "1753"]
[PlyCount "29"]
[EventDate "2018.10.21"]
[EventType "team-tourn"]
[EventRounds "11"]
[EventCountry "GER"]
[SourceTitle "EXT 2020"]
[Source "ChessBase"]
[SourceDate "2019.10.17"]
[SourceVersion "1"]
[SourceVersionDate "2019.10.17"]
[SourceQuality "1"]
[WhiteTeam "Marburg"]
[BlackTeam "Gernsheim"]
[WhiteTeamCountry "GER"]
[BlackTeamCountry "GER"]

1. d4 d5 2. Bf4 Nf6 3. e3 e6 4. Nf3 Be7 5. c3 0-0 6. Nbd2 c5 7. Bd3 Nbd7 8. Ne5 a5 9. h4 Nxe5 10. dxe5 Nd7 11. Nf3 b6 12. Bxh7+ Kxh7 13. Ng5+ Kg8 14. Qh5 Bxg5 15. hxg5 1-0

[Event "Oberliga Ost-B 1819"]
[Site "Germany"]
[Date "2018.12.15"]
[Round "4.8"]
[White "Foermes, Alexander"]
[Black "Boehmer, Thomas"]
[Result "1-0"]
[WhiteElo "2052"]
[BlackElo "1975"]
[PlyCount "65"]
[EventDate "2018.10.21"]
[EventType "team-tourn"]
[EventRounds "11"]
[EventCountry "GER"]
[SourceTitle "EXT 2020"]
[Source "ChessBase"]
[SourceDate "2019.10.17"]
[SourceVersion "1"]
[SourceVersionDate "2019.10.17"]
[SourceQuality "1"]
[WhiteTeam "Marburg"]
[BlackTeam "Wiesbaden"]
[WhiteTeamCountry "GER"]
[BlackTeamCountry "GER"]

1. d4 Nf6 2. Bf4 e6 3. e3 b6 4. Nf3 Bb7 5. Be2 Be7 6. h3 d6 7. 0-0 Nbd7 8. a4 a5 9. c3 Ne4 10. Nbd2 g5 11. Bh2 h5 12. Nxe4 Bxe4 13. Nd2 Bg6 14. e4 e5 15. Bb5 Bf6 16. Bc6 exd4 17. Bxa8 Qxa8 18. cxd4 Bxd4 19. Nc4 Bg7 20. Bxd6 cxd6 21. Qxd6 Qb8 22. Qd5 Ne5 23. Qb5+ Ke7 24. Nxb6 Rd8 25. Qxa5 Kf8 26. Rad1 g4 27. hxg4 h4 28. Rxd8+ Qxd8 29. Rc1 Ke7 30. Qb4+ Kf6 31. Nd5+ Ke6 32. Rc8 Qd7 33. Qb6+ 1-0

[Event "Heusenstamm Sparkassen op-A 5th"]
[Site "Heusenstamm"]
[Date "2018.11.24"]
[Round "4"]
[White "Schubert, Nikita"]
[Black "Foermes, Alexander"]
[Result "1-0"]
[WhiteElo "1845"]
[BlackElo "2061"]
[PlyCount "71"]
[EventDate "2018.11.22"]
[EventType "swiss"]
[EventRounds "7"]
[EventCountry "GER"]
[SourceTitle "CBM 188 Extra"]
[Source "ChessBase"]
[SourceDate "2019.02.26"]
[SourceVersion "1"]
[SourceVersionDate "2019.02.26"]
[SourceQuality "1"]

1. d4 Nf6 2. c4 e6 3. Nf3 d5 4. g3 Bb4+ 5. Nbd2 dxc4 6. Bg2 Nc6 7. a3 Ba5 8. 0-0 c3 9. Nc4 cxb2 10. Bxb2 Bb6 11. a4 Na5 12. Nxa5 Bxa5 13. Ba3 Ne4 14. Qd3 Nd6 15. Ne5 f6 16. Nc4 Nxc4 17. Qxc4 c6 18. e4 Kf7 19. d5 Bd7 20. Rfd1 Qe8 21. Qb3 cxd5 22. exd5 b6 23. Qe3 Rc8 24. Rd3 Rc4 25. Rad1 e5 26. d6 Rxa4 27. Bd5+ Kf8 28. Rc1 b5 29. Bc5 e4 30. Rd4 Rxd4 31. Qxd4 f5 32. Ra1 Bd8 33. Rxa7 Bf6 34. Qe3 Qd8 35. Ra8 Bc8 36. d7+ 1-0

[Event "Rhein Main op-A 20th"]
[Site "Bad Homburg"]
[Date "2017.06.17"]
[Round "5"]
[White "Wolf, Ulrich Martin"]
[Black "Foermes, Alexander"]
[Result "1/2-1/2"]
[WhiteElo "2178"]
[BlackElo "2037"]
[PlyCount "44"]
[EventDate "2017.06.14"]
[EventType "swiss"]
[EventRounds "7"]
[EventCountry "GER"]
[SourceTitle "EXT 2018"]
[Source "ChessBase"]
[SourceDate "2017.10.13"]
[SourceVersion "1"]
[SourceVersionDate "2017.10.13"]
[SourceQuality "1"]

1. Nf3 d5 2. g3 g6 3. Bg2 Bg7 4. 0-0 Nf6 5. d3 0-0 6. Nbd2 c5 7. e4 Nc6 8. exd5 Nxd5 9. Nb3 b6 10. c3 e5 11. d4 exd4 12. cxd4 c4 13. Nbd2 Ba6 14. Ne4 c3 15. Re1 cxb2 16. Bxb2 Ncb4 17. Ba3 Re8 18. Qa4 Bd3 19. Ne5 Bc2 20. Qb5 a6 21. Qe2 Rc8 22. Qd2 a5 1/2-1/2

[Event "Heusenstamm Schloss op 1st"]
[Site "Heusenstamm"]
[Date "2014.11.23"]
[Round "6"]
[White "Foermes, Alexander"]
[Black "Weiland, Thomas"]
[Result "1-0"]
[WhiteElo "2012"]
[BlackElo "1847"]
[PlyCount "81"]
[EventDate "2014.11.20"]
[EventType "swiss"]
[EventRounds "7"]
[EventCountry "GER"]
[SourceTitle "CBM 163 Extra"]
[Source "ChessBase"]
[SourceDate "2014.12.23"]
[SourceVersion "1"]
[SourceVersionDate "2014.12.23"]
[SourceQuality "1"]

1. c4 f5 2. g3 Nf6 3. Bg2 g6 4. Nc3 c6 5. Nf3 d6 6. d4 Bg7 7. 0-0 0-0 8. Qc2 Na6 9. a3 Nc7 10. b4 Bd7 11. a4 d5 12. cxd5 cxd5 13. Qb3 Kh8 14. Bf4 Ne6 15. Be5 Rc8 16. Rfd1 a5 17. Bxf6 Bxf6 18. Nxd5 axb4 19. Nxf6 exf6 20. d5 Nc5 21. Qxb4 b6 22. Nd4 Qc7 23. a5 bxa5 24. Qxa5 Qd6 25. Rab1 f4 26. Qb6 Qxb6 27. Rxb6 fxg3 28. hxg3 f5 29. Nc6 Rfe8 30. e3 Ra8 31. Rdb1 Ne4 32. Rb7 Nc5 33. Rc7 Rac8 34. d6 Be6 35. Na7 Rxc7 36. dxc7 Na6 37. Rc1 Rc8 38. Bf1 Nb4 39. Rb1 Nd5 40. Rb8 Ne7 41. Nxc8 1-0

[Event "Heusenstamm Schloss op 1st"]
[Site "Heusenstamm"]
[Date "2014.11.22"]
[Round "5"]
[White "Foermes, Alexander"]
[Black "Sanati, Charlotte"]
[Result "1/2-1/2"]
[WhiteElo "2012"]
[BlackElo "1776"]
[PlyCount "82"]
[EventDate "2014.11.20"]
[EventType "swiss"]
[EventRounds "7"]
[EventCountry "GER"]
[SourceTitle "CBM 163 Extra"]
[Source "ChessBase"]
[SourceDate "2014.12.23"]
[SourceVersion "1"]
[SourceVersionDate "2014.12.23"]
[SourceQuality "1"]

1. c4 c6 2. g3 Nf6 3. Nf3 d5 4. Bg2 Bf5 5. cxd5 cxd5 6. Qb3 Qc7 7. Nc3 e6 8. d3 Nc6 9. 0-0 Be7 10. Bf4 Qd7 11. h3 0-0 12. Nh4 Bg6 13. Nxg6 hxg6 14. Rac1 Rac8 15. e4 d4 16. Ne2 Na5 17. Qd1 Rxc1 18. Bxc1 Rc8 19. a3 Nc6 20. b4 b5 21. Bb2 a5 22. bxa5 Ra8 23. Qc2 Rxa5 24. Rc1 Ra6 25. f4 Kh7 26. Qb3 Na5 27. Qa2 Rc6 28. Rxc6 Nxc6 29. Qb3 b4 30. axb4 Bxb4 31. Qc4 Bd2 32. Kh2 Be3 33. e5 Nd5 34. Nxd4 Nxd4 35. Bxd4 Bxd4 36. Qxd4 Qb5 37. Bxd5 exd5 38. Kg2 Qb3 39. g4 Qd1 40. Qxd5 Qe2+ 41. Kg3 Qe1+ 1/2-1/2

[Event "Heusenstamm Schloss op 1st"]
[Site "Heusenstamm"]
[Date "2014.11.21"]
[Round "3"]
[White "Miller, Justin"]
[Black "Foermes, Alexander"]
[Result "0-1"]
[WhiteElo "1712"]
[BlackElo "2012"]
[PlyCount "82"]
[EventDate "2014.11.20"]
[EventType "swiss"]
[EventRounds "7"]
[EventCountry "GER"]
[SourceTitle "CBM 163 Extra"]
[Source "ChessBase"]
[SourceDate "2014.12.23"]
[SourceVersion "1"]
[SourceVersionDate "2014.12.23"]
[SourceQuality "1"]

1. e4 e6 2. d4 d5 3. e5 c5 4. c3 Nc6 5. Nf3 Bd7 6. a3 f6 7. Be3 fxe5 8. dxe5 Qc7 9. Bf4 Nge7 10. Bd3 g6 11. 0-0 Bg7 12. Re1 0-0 13. Qd2 Na5 14. Bc2 Nc4 15. Qc1 Nc6 16. h4 Nxb2 17. h5 Be8 18. Ng5 Qe7 19. Nxh7 Kxh7 20. Bg5 Qc7 21. hxg6+ Bxg6 22. Qxb2 Bxe5 23. Re3 Bxc2 24. Qxc2+ Kg7 25. Qe2 Rf5 26. Qg4 Qf7 27. Rh3 Qg6 28. Bh6+ Kf7 29. Qxg6+ Kxg6 30. Be3 b6 31. Ra2 Rh8 32. Rxh8 Bxh8 33. a4 Na5 34. Re2 Nc4 35. Nd2 Nxe3 36. Rxe3 Kf7 37. Kf1 Bf6 38. Nf3 Rf4 39. Ke2 Rxa4 40. Kd3 Rc4 41. Kd2 a5 0-1

[Event "Karl Mala Memorial op-A 17th"]
[Site "Frankfurt"]
[Date "2014.08.02"]
[Round "5"]
[White "Busch, Lorenz"]
[Black "Foermes, Alexander"]
[Result "1/2-1/2"]
[WhiteElo "2130"]
[BlackElo "2035"]
[PlyCount "38"]
[EventDate "2014.07.31"]
[EventType "swiss"]
[EventRounds "7"]
[EventCountry "GER"]
[SourceTitle "EXT 2015"]
[Source "ChessBase"]
[SourceDate "2014.11.20"]
[SourceVersion "1"]
[SourceVersionDate "2014.11.20"]
[SourceQuality "1"]

1. e4 e6 2. Nc3 d5 3. Nf3 Nf6 4. e5 Nfd7 5. d4 c5 6. dxc5 Nc6 7. Bf4 Nxc5 8. a3 Be7 9. Bg3 0-0 10. b4 Nd7 11. b5 Na5 12. Bd3 f5 13. Ne2 Nc5 14. Nfd4 Bd7 15. f4 Rc8 16. 0-0 Ne4 17. Be1 Nc4 18. Rf3 Qb6 19. Kh1 Nb2 1/2-1/2

[Event "Karl Mala Memorial op-A 17th"]
[Site "Frankfurt"]
[Date "2014.08.01"]
[Round "2"]
[White "Foermes, Alexander"]
[Black "Kummerow, Heiko"]
[Result "0-1"]
[WhiteElo "2035"]
[BlackElo "2269"]
[PlyCount "35"]
[EventDate "2014.07.31"]
[EventType "swiss"]
[EventRounds "7"]
[EventCountry "GER"]
[SourceTitle "EXT 2015"]
[Source "ChessBase"]
[SourceDate "2014.11.20"]
[SourceVersion "1"]
[SourceVersionDate "2014.11.20"]
[SourceQuality "1"]

1. Nf3 Nf6 2. c4 g6 3. b4 Bg7 4. Bb2 0-0 5. g3 d5 6. cxd5 Qxd5 7. Bg2 Rd8 8. 0-0 Qh5 9. Qc2 Nc6 10. Rc1 Bf5 11. Qa4 a6 12. d3 e5 13. Nbd2 Nd5 14. a3 Bh6 15. e4 Nb6 16. Qc2 Bg4 17. Rd1 Bxd2 18. Nxd2 0-1

[Event "Hofheim Spring op-A 2nd"]
[Site "Hofheim"]
[Date "2014.04.25"]
[Round "6"]
[White "Foermes, Alexander"]
[Black "Roessler, Frank Peter"]
[Result "1-0"]
[WhiteElo "2037"]
[BlackElo "1961"]
[PlyCount "81"]
[EventDate "2014.04.22"]
[EventType "swiss"]
[EventRounds "9"]
[EventCountry "GER"]
[SourceTitle "CBM 160 Extra"]
[Source "ChessBase"]
[SourceDate "2014.07.01"]
[SourceVersion "1"]
[SourceVersionDate "2014.07.01"]
[SourceQuality "1"]

1. Nf3 f5 2. g3 Nf6 3. Bg2 e6 4. 0-0 d5 5. d4 Bd6 6. c4 c6 7. Qc2 0-0 8. Nc3 Nbd7 9. Rb1 dxc4 10. Nd2 Nb6 11. Nd1 e5 12. dxe5 Bxe5 13. Nxc4 Bc7 14. b4 f4 15. b5 fxg3 16. hxg3 Nbd5 17. bxc6 bxc6 18. e4 Nb6 19. Na5 Ba6 20. Re1 Ng4 21. Qb3+ Kh8 22. Rb2 c5 23. Ne3 Ne5 24. Rd1 Qf6 25. f4 c4 26. Qc2 c3 27. Rb1 Bd3 28. Rxd3 Nxd3 29. Qxd3 Rad8 30. Qc2 Qd4 31. Nc6 Qc5 32. Nxd8 Rxd8 33. Kf1 Nc4 34. Nd5 Bb6 35. Rxb6 axb6 36. Qxc3 Qb5 37. Kg1 Nd6 38. Bb2 Ne8 39. Bf1 Qa4 40. Qe5 Qxa2 41. Qe7 1-0